000 00347nam a2200097Ia 4500
082 _aVC 362.29083 CRYF
245 0 _aCry for freedom : to save the world from the scourge of crack and other street drugs
100 _a Gospel Films, Michigan Wellington [South Africa], 20
_952986
942 _cBK
008 210817s9999 xx 000 0 und d
999 _c168421
_d168420